000
00252nam a2200097Ia 4500
005
20251222175818.0
008
251222s9999||||xx |||||||||||||| ||spa||
082
_a
DVD0070/S18/1998
245
0
_a
Estación central de Brazil:Central Do Brasil
942
_c
DVD
999
_c
40388
_d
40388